| 000 | 01212nam a2200349 a 4500 | ||
|---|---|---|---|
| 008 | |||
| 020 | _a9780323352147 (hardback) | ||
| 040 |
_aNUST _cNUST |
||
| 049 | _aMAIN | ||
| 090 |
_aRG610 _bFET |
||
| 245 | 0 |
_aFetal and neonatal physiology/ _cedited by Richard A Polin ; William E Benitz ; Steven H Abman ; William W Fox & David H Rowitch. |
|
| 250 | _aFifth edition. | ||
| 260 |
_aPhiladelphia, PA : _bElsevier, _c2017. |
||
| 300 |
_axxxvii, 953 pages : _billustrations (chiefly colour) ; _c29 cm. |
||
| 336 |
_atext _btxt _2rdacontent |
||
| 337 |
_aunmediated _bn _2rdamedia |
||
| 338 |
_avolume _bnc _2rdacarrier |
||
| 500 | _aIncludes index. | ||
| 504 | _aIncludes bibliographical references. | ||
| 650 | 1 | _aFetus physiology. | |
| 650 |
_aInfant, Newborn _xphysiology. |
||
| 650 |
_aMaternal-Fetal Exchange _xphysiology. |
||
| 700 |
_aPolin, Richard A., _aeditor. |
||
| 700 |
_aBenitz, William E., _aeditor. |
||
| 700 |
_aAbman, Steven H., _aeditor. |
||
| 700 |
_aFox, William W., _aeditor. |
||
| 700 |
_aRowitch, David H., _aeditor. |
||
| 907 |
_a.b10420551 _b19-01-23 _c19-01-23 |
||
| 003 | |||
| 005 | 20230120204400.0 | ||
| 942 |
_cBOOKS _kRG610 _mFET |
||
| 999 |
_c122221 _d122221 |
||